Влияние ионизирующего излучения на упрочнение твёрдых сплавов; Становление и развитие научных исследований в высшей школе; Т. 2

Bibliografski detalji
Parent link:Становление и развитие научных исследований в высшей школе: сборник трудов Международной научной конференции, посвященной 100-летию со дня рождения профессора А. А. Воробьева, Томск, 14-16 сентября 2009 г./ Российская академия наук (РАН) ; Ассоциация инженерного образования России (АИОР) ; Томский политехнический университет (ТПУ).— , 2009.— 978-598298-543-9
Т. 2.— 2009.— С. 69-71
Daljnji autori: Ермолаев В. А., Лапшин Б. М. Борис Михайлович, Мамонтов А. П. Аркадий Павлович, Рябчиков С. Я. Сергей Яковлевич, Чахлов Б. В.
Jezik:ruski
Izdano: 2009
Teme:
Format: Poglavlje knjige
KOHA link:https://koha.lib.tpu.ru/cgi-bin/koha/opac-detail.pl?biblionumber=194404

MARC

LEADER 00000naa2a2200000 4500
001 194404
005 20231031182342.0
035 |a (RuTPU)RU\TPU\book\212026 
090 |a 194404 
100 |a 20110414d2009 k y0rusy50 ca 
101 0 |a rus 
102 |a RU 
200 1 |a Влияние ионизирующего излучения на упрочнение твёрдых сплавов  |f В. А. Ермолаев [и др.] 
461 1 |0 (RuTPU)RU\TPU\book\209137  |y 978-598298-543-9  |t Становление и развитие научных исследований в высшей школе  |o сборник трудов Международной научной конференции, посвященной 100-летию со дня рождения профессора А. А. Воробьева, Томск, 14-16 сентября 2009 г.  |f Российская академия наук (РАН) ; Ассоциация инженерного образования России (АИОР) ; Томский политехнический университет (ТПУ)  |d 2009 
463 0 |0 (RuTPU)RU\TPU\book\208673  |y 978-5-98298-547-7  |t Т. 2  |v С. 69-71  |d 2009  |p 462 с. 
610 1 |a ионизирующие излучения 
610 1 |a твёрдые сплавы 
610 1 |a сплавы 
610 1 |a упрочнение 
610 1 |a труды учёных ТПУ 
701 1 |a Ермолаев  |b В. А. 
701 1 |a Лапшин  |b Б. М.  |c российский учёный в области неразрушающего контроля  |c заведующий лабораторией №62 Томского политехнического университета  |g Борис Михайлович  |2 stltpush  |3 (RuTPU)RU\TPU\pers\28182 
701 1 |a Мамонтов  |b А. П.  |c российский физик  |c профессор Томского политехнического университета  |c Заслуженный изобретатель РФ  |f 1934-  |g Аркадий Павлович  |2 stltpush  |3 (RuTPU)RU\TPU\pers\21984 
701 1 |a Рябчиков  |b С. Я.  |c горный инженер  |c профессор Томского политехнического университета, доктор технических наук  |f 1940-  |g Сергей Яковлевич  |2 stltpush  |3 (RuTPU)RU\TPU\pers\26128 
701 1 |a Чахлов  |b Б. В. 
801 1 |a RU  |b 63413507  |c 20110414 
801 2 |a RU  |b 63413507  |c 20120713  |g RCR 
942 |c BK